000 00790nab a2200217u 4500
001 21874
003 HDC
007 c| |||a|c|aaaa
008 210308b20121114my ||||o |||| 00| 0 eng d
040 _aHDC
245 0 _aUK: European Halal Food Park, Banham, Norfolk - Nov & Dec Courses
336 _atext
_2rdacontent
337 _acomputer
_2rdamedia
338 _aonline resource
_2rdacarrier
650 _aRitual Halal Meat Training Academy & Product Development Centre
_919199
650 _aRural Development Programme for England (RDPE)
_919025
856 _zRequest full-text at [email protected]
942 _2lcc
942 _cNEWS
942 _kNWS0 005004
999 _c19190
_d19190